000 00364 a2200169 4500
001 186607
020 _a85-7153-108-0
040 _cMagnum
100 _aFidalgo, LĂșcia
240 1 0 _aPasso a passo no compasso
_lpor
245 1 0 _aPasso a passo no compasso
300 _a16
362 0 _a1998
440 1 _aRHJ
697 _aLITERATURA INFANTO
942 _cBK
999 _c186607
_d186607